Country reports on human rights practices /

"The Country Reports on Human Rights Practices are submitted annually by the U.S. Department of State to the U.S. Congress. The reports cover internationally recognized individual, civil, political, and worker rights, as set forth in the Universal Declaration of Human Rights"--Home p.

Bibliographic Details
Uniform Title:Country reports on human rights practices (United States. Department of State. Bureau of Democracy, Human Rights, and Labor)
Corporate Author: United States. Department of State. Bureau of Democracy, Human Rights, and Labor
Format: Government Document Serial
Language:English
Published: [Washington, D.C.] : U.S. Dept. of State
Subjects:
Online Access:Current issues
Archived issues
https://purl.fdlp.gov/GPO/LPS54041

MARC

Tag First Indicator Second Indicator Subfields
LEADER 00000cas a2200000 a 4500
001 in00002783099
005 20220106090813.0
006 m o d f
007 cr mn|||||||||
008 000428c19799999dcuar so s f0 0eng c
010 |a  00227351 
019 |a 60638835 
035 |a (OCoLC)ocm43947749 
042 |a pcc 
040 |a DBI  |b eng  |c DBI  |d EYM  |d OCLCQ  |d OCL  |d OCLCQ  |d GPO  |d OCLCS  |d GPO  |d DLC  |d OCLCQ  |d GPO  |d OCLCQ  |d OCLCA  |d OCLCQ  |d OCLCO  |d OCLCA  |d OCLCF  |d GPO  |d MvI 
049 |a WWW 
074 |a 0863-B (online) 
086 0 |a S 1.142:C 63/ 
130 0 |a Country reports on human rights practices (United States. Department of State. Bureau of Democracy, Human Rights, and Labor) 
245 1 0 |a Country reports on human rights practices /  |c released by the Bureau of Democracy, Human Rights, and Labor, U.S. Department of State. 
246 1 |a State Department country reports on human rights practices 
246 1 |a Department of State country reports on human rights practices 
246 1 |i Title from index page:  |a Human rights reports 
260 |a [Washington, D.C.] :  |b U.S. Dept. of State 
310 |a Annual 
336 |a text  |b txt  |2 rdacontent 
337 |a computer  |b c  |2 rdamedia 
338 |a online resource  |b cr  |2 rdacarrier 
362 1 |a Print began with 1979. 
300 |a 1 online resource 
520 |a "The Country Reports on Human Rights Practices are submitted annually by the U.S. Department of State to the U.S. Congress. The reports cover internationally recognized individual, civil, political, and worker rights, as set forth in the Universal Declaration of Human Rights"--Home p. 
588 |a Description based on: 1993; title from home page (viewed Nov. 8, 2000). 
588 |a Latest issue consulted: 2011. 
650 0 |a Human rights  |v Periodicals. 
650 0 |a Civil rights  |v Periodicals. 
650 7 |a Civil rights.  |2 fast  |0 (OCoLC)fst00862627 
650 7 |a Human rights.  |2 fast  |0 (OCoLC)fst00963285 
655 7 |a Periodicals.  |2 fast  |0 (OCoLC)fst01411641 
710 1 |a United States.  |b Department of State.  |b Bureau of Democracy, Human Rights, and Labor. 
775 0 |t Country reports on human rights practices for  |x 1949-9213  |w (DLC) 2009230495  |w (OCoLC)311142580 
776 0 8 |i CD-ROM version:  |t Country reports on human rights practices (United States. Department of State. Bureau of Democracy, Human Rights, and Labor : CD-ROM)  |w (DLC) 2004200003  |w (OCoLC)51218115 
856 4 0 |3 Current issues  |u https://purl.fdlp.gov/GPO/LPS54041  |t 0 
856 4 0 |3 Archived issues  |u https://purl.fdlp.gov/GPO/LPS1236  |t 0 
856 4 0 |u https://purl.fdlp.gov/GPO/LPS54041  |t 0 
999 f f |s c78fc854-9818-3578-b5b0-6444314dedba  |i e418c761-e323-38a1-8005-9f01be42e926  |t 0 
952 f f |a Texas A&M University  |b College Station  |c Electronic Resources  |d Available Online  |t 0  |e S 1.142:C 63/  |h Superintendent of Documents classification 
998 f f |a S 1.142:C 63/  |t 0  |l Available Online